000 00452cam a22001934a 4500
005 20250605164317.0
008 250528s ||||||||||||||||||||||||d
035 _a22754
020 _a9780415001472
040 _aGR-AtMCL
_bgre
_dGR-AtMCL
_eAACR2
245 1 _aHEALTH AND LIFESTYLES
250 _a1
260 _bRouledge,
_c1990
300 _a268
700 1 _aBlaxter Mildred
_93032
942 _cBK
999 _c7799
_d7799